Detalles MARC
| 000 -LIDER |
| fixed length control field |
01086nam a2200325 a 4500 |
| 001 - NÚMERO DE CONTROL |
| Identificador de número de control |
000014648 |
| 003 - IDENTIFICACDOR DE NÚMERO DE CONTROL |
| control field |
DO-SdBNP |
| 005 - DATE AND TIME OF LATEST TRANSACTION |
| control field |
20171013104538.0 |
| 007 - CAMPOS FIJOS DE DESCRIPCIÓN FÍSICA |
| fixed length control field |
000014648 |
| 008 - ELEMENTOS DE LONGITUD FIJA |
| fixed length control field |
100118s2005 dr 001 0 spa d |
| 020 ## - ISBN |
| International Standard Book Number |
9945404067 |
| 040 ## - FUENTE DE CATALOGACIÓN |
| Agencia que crea de manera original el registro |
BPMSU |
| Idioma de catalogación |
spa |
| Agencia que realiza la transcripción |
BPMSU |
| 082 #4 - NÚMERO DE CLASIFICACIÓN DECIMAL DE DEWEY |
| Classification number |
972.9377 |
| Item number |
M738h, 2005 |
| 100 1# - ASIENTO PRINCIPAL -- NOMBRE PERSONAL |
| Nombre personal |
Monclús, Miguel Ángel, |
| Fechas asociadas con el nombre |
1893-1967 |
| 245 10 - MENCIÓN DE TITULO |
| Título |
Historia de Monte Plata / |
| Mención de responsabilidad |
Miguel Ángel Monclús. |
| 250 ## - MENCIÓN DE EDICION |
| Mención de edición |
2a ed |
| 260 ## - PUBLICACIÓN, DISTRIBUCIÓN, ETC. (PIE DE IMPRENTA) |
| Lugar de publicación, distribución, etc |
Santo Domingo : |
| Nombre del editor, distribuidor, etc. |
Gente, |
| Fecha de publicación, distribución, etc |
2005. |
| 300 ## - DESCRIPCIÓN FÍSICA |
| Extensión |
180 p. ; |
| Dimensiones |
20 cm. |
| 500 ## - NOTA GENERAL |
| Nota general |
Incluye índice alfabético |
| 650 #4 - ENCABEZAMIENTO DE MATERIA--TEMÁTICO |
| Término temático o nombre geográfico como elemento de entrada |
CIUDADES Y PUEBLOS |
| Subdivisión geográfica |
REPÚBLICA DOMINICANA |
| 651 #4 - ENCABEZAMIENTO DE MATERIA--NOMBRE GEOGRÁFICO |
| Nombre geográfico |
MONTE PLATA (REPÚBLICA DOMINICANA) |
| Subdivisión temática general |
HISTORIA LOCAL |
| 651 #4 - ENCABEZAMIENTO DE MATERIA--NOMBRE GEOGRÁFICO |
| Nombre geográfico |
MONTE PLATA (REPÚBLICA DOMINICANA) |
| Subdivisión temática general |
VIDA SOCIAL Y COSTUMBRES |
| 910 ## - VALIDACIÓN |
| Validación |
Validado. Control de calidad BNPHU |
| 942 ## - ADDED ENTRY ELEMENTS (KOHA) |
| Source of classification or shelving scheme |
Dewey Decimal Classification |
| Koha item type |
Libros |
| 945 ## - INFORMACIÓN DE PROCESAMIENTO LOCAL |
| Información de procesamiento local |
Inventariado, 2017/MFF |
| 956 ## - LOCAL ELECTRONIC LOCATION AND ACCESS (OCLC) |
| Nombre de host |
IGARCIA |
| Número de acceso |
10 |
| Información de compresión |
20100119 |
| Inicio de sesión |
BND01 |
| Procesador de solicitud |
1342 |
| 956 ## - LOCAL ELECTRONIC LOCATION AND ACCESS (OCLC) |
| Nombre de host |
ARIVERA |
| Número de acceso |
10 |
| Información de compresión |
20100719 |
| Inicio de sesión |
BND01 |
| Procesador de solicitud |
1208 |
| 956 ## - LOCAL ELECTRONIC LOCATION AND ACCESS (OCLC) |
| Nombre de host |
MMOLINA |
| Número de acceso |
10 |
| Información de compresión |
20120413 |
| Inicio de sesión |
BND01 |
| Procesador de solicitud |
1844 |
| 956 ## - LOCAL ELECTRONIC LOCATION AND ACCESS (OCLC) |
| Nombre de host |
VMATEO |
| Número de acceso |
10 |
| Información de compresión |
20150803 |
| Inicio de sesión |
BPMSU |
| Procesador de solicitud |
00151 |